=LDR 00000nam 2200000 4500 =001 INLIS000000000054502 =005 20200212110454 =035 ##$$a 0010-0220000064 =007 ta =008 200212################g##########0#ind## =020 ##$$a 978-979-29-1446-7 =082 ##$$a 004.64 =084 ##$$a 004.64 ADI a =100 #$$a Adi, Arista Prasetyo =245 1#$$a Aplikasi favorit blackberry /$c Arista Prasetyo Adi, Ridwan Sanjaya, Inspiring Writehood =250 ##$$a Ed.I =260 ##$$a Yogyakarta :$b Andi,$c 2010 =300 ##$$a x, 198 hlm. : $b ilus. ; $c 14 x 21 cm =600 #4$$a Aplikasi =990 ##$$a 19.445/Pb-2011